| 000 | 00670nam a22002537a 4500 | ||
|---|---|---|---|
| 001 | 133256 | ||
| 003 | UA-OsUOA | ||
| 005 | 20251215150947.0 | ||
| 007 | ta | ||
| 008 | 20181011b un ||||| |||| 00| 0 ukr d | ||
| 040 |
_aUA-OsUOA _brus _cUA-OsUOA _dUA-OsUOA |
||
| 041 | _arus | ||
| 080 | _a140.8 | ||
| 090 |
_a140.8 _bШ52 |
||
| 100 |
_aШестов Л. _922972 |
||
| 245 |
_aСочинения _bв 2-х т. _cЛ. Шестов |
||
| 260 |
_aМ. _bНаука _c1993 |
||
| 300 | _a670 с. | ||
| 505 | _gТ. 1 | ||
| 650 | 7 |
_a1 Філософські науки _2UDC _91599 |
|
| 942 |
_cBK _2udc |
||
| 955 | _a1 | ||
| 999 |
_c421921 _d421921 |
||